| 000 | 00805nam a22002417a 4500 | ||
|---|---|---|---|
| 001 | 12639 | ||
| 003 | HDC | ||
| 007 | cr bn --- | ||
| 008 | 210210 my |0 eneng | ||
| 040 | _aHDC | ||
| 245 | 0 | _aWHAT IS ISLAMIC ECONOMICS? | |
| 260 |
_a[No place] : _bIslamic Development Bank Islamic Research And Training Institute, _c[no year] |
||
| 300 | _a4 pages | ||
| 336 |
_atext _2rdacontent |
||
| 337 |
_acomputer _2rdamedia |
||
| 338 |
_aonline resource _2rdacarrier |
||
| 650 |
_abanking activities _913404 |
||
| 650 |
_aeconomic development _94486 |
||
| 856 | _zRequest full-text at [email protected] | ||
| 942 | _2lcc | ||
| 942 | _cEBOOK | ||
| 942 | _kEBOOK 002006 | ||
| 999 |
_c9962 _d9962 |
||